000 00405nam a2200193Ia 4500
001 11583
003 GE_BSU
008 181216s||||||||xx |||||||||||||| ||und||
020 _a100330438883
040 _cGE_BSU
100 _aGrafton,Sue
245 _aSis For Silence
260 _aLondon
260 _bPan Books
260 _c2005
300 _a434p;18cm.
653 _aSis For Silence
942 _cBK
999 _c44778
_d44778